Library of the University of Algiers 3
Ibrahim Sultan Cheibout
شعار جامعة الجزائر 3
مكتبة جامعة الجزائر 3
إبراهيم سلطان شيبوط

La Comptabilité générale selon le nouveau systéme comptable et financier SCF / (رقم التسجيلة. 41487)

تفاصيل مارك
000 -LEADER
fixed length control field 01361nam a2200241Ia 4500
003 - CONTROL NUMBER IDENTIFIER
control field Ost
005 - DATE AND TIME OF LATEST TRANSACTION
control field 20260426125804.0
008 - FIXED-LENGTH DATA ELEMENTS--GENERAL INFORMATION
fixed length control field 260426s9999||||xx |||||||||||||| ||und||
040 ## - CATALOGING SOURCE
Transcribing agency fsecg
041 ## - LANGUAGE CODE
Language code of text/sound track or separate title fre
082 ## - DEWEY DECIMAL CLASSIFICATION NUMBER
Classification number 657
100 ## - MAIN ENTRY--PERSONAL NAME
Personal name Haoues, Sellah
Relator term Auteur
245 #0 - TITLE STATEMENT
Title La Comptabilité générale selon le nouveau systéme comptable et financier SCF /
Statement of responsibility, etc. Sellah Haoues
260 ## - PUBLICATION, DISTRIBUTION, ETC.
Place of publication, distribution, etc. Alger :
Name of publisher, distributor, etc. Université d'Alger3 Faculté des sciences économiques commerciales et des sciences de gestion,
Date of publication, distribution, etc. 2010
300 ## - PHYSICAL DESCRIPTION
Extent 114 feuil,
Other physical details illustration,
Dimensions 30 cm
504 ## - BIBLIOGRAPHY, ETC. NOTE
Bibliography, etc. note bibliographie feuil 113
520 ## - SUMMARY, ETC.
Summary, etc. la comptabilité est un outil d'évalution recensant et communiquant des information sur l'activité économique d'une entite économique ( entreprise collectivité , association ..) , ces informations sont généralement exprimées en unités monétaires . elle effectue des opérations de saisie des informations brutes , de classement et de sn*ynthése de ces information , ce synthéses décrivent la situation financiére de l'entite , sa création de valeur( flux de fond) et ses flux de trésorerie.
653 ## - INDEX TERM--UNCONTROLLED
Uncontrolled term comptabilité
653 ## - INDEX TERM--UNCONTROLLED
Uncontrolled term Comptabilité générale
653 ## - INDEX TERM--UNCONTROLLED
Uncontrolled term SCF
710 ## - ADDED ENTRY--CORPORATE NAME
Corporate name or jurisdiction name as entry element Université d'Alger3 Faculté des sciences économiques commerciales et des sciences de gestion
Relator term Éditeur scientifique
942 ## - ADDED ENTRY ELEMENTS (KOHA)
Koha item type مطبوعات
المقتنيات
Withdrawn status Lost status Source of classification or shelving scheme Damaged status Not for loan Home library Current library Date acquired Serial enumeration / chronology Inventory number Total checkouts Full call number Barcode Date last seen Price effective from Koha item type
    Dewey Decimal Classification   NOT LOAN / إعارة داخلية مكتبة كلية العلوم الإقتصادية والعلوم التجارية وعلوم التسيير مكتبة كلية العلوم الإقتصادية والعلوم التجارية وعلوم التسيير 26/04/2026 deuxième étage Po.278-1   Po.278 exp1 Po.278-1 26/04/2026 26/04/2026 مطبوعات

موارد الويب المفتوحة


© University of Algiers 3 All Rights Reserved
|
Implemented by LECHELAH Riad